Statistics for engineering and the sciences (Record no. 257288)
[ view plain ]
| 000 -LEADER | |
|---|---|
| fixed length control field | 00704nam a22002177a 4500 |
| 003 - CONTROL NUMBER IDENTIFIER | |
| control field | OSt |
| 005 - DATE AND TIME OF LATEST TRANSACTION | |
| control field | 20230613161144.0 |
| 008 - FIXED-LENGTH DATA ELEMENTS--GENERAL INFORMATION | |
| fixed length control field | 180918b xxu||||| |||| 00| 0 eng d |
| 010 ## - LIBRARY OF CONGRESS CONTROL NUMBER | |
| LC control number | 91017378 |
| 020 ## - INTERNATIONAL STANDARD BOOK NUMBER | |
| International Standard Book Number | 0023805528 |
| 040 ## - CATALOGING SOURCE | |
| Transcribing agency | DLC |
| Language of cataloging | DLC |
| Modifying agency | DLC |
| 050 ## - LIBRARY OF CONGRESS CALL NUMBER | |
| Classification number | QA 276 |
| Item number | .M429 1991 |
| 100 ## - MAIN ENTRY--PERSONAL NAME | |
| Personal name | Mendenhall, William. |
| 245 ## - TITLE STATEMENT | |
| Title | Statistics for engineering and the sciences |
| Statement of responsibility, etc | William Mendenhall, Terry Sincich. |
| 250 ## - EDITION STATEMENT | |
| Edition statement | 3ed. |
| 260 ## - PUBLICATION, DISTRIBUTION, ETC. (IMPRINT) | |
| Place of publication, distribution, etc | San Francisco : Toronto : New York : |
| Name of publisher, distributor, etc | Dellen Pub. Co. ;Collier Macmillan Canada ; Maxwell Macmillan International, |
| Date of publication, distribution, etc | c1992. |
| 300 ## - PHYSICAL DESCRIPTION | |
| Other physical details | xix, 963 p. : |
| Extent | ill. ; |
| Dimensions | 27 cm. |
| 500 ## - GENERAL NOTE | |
| General note | Includes index |
| 600 ## - SUBJECT ADDED ENTRY--PERSONAL NAME | |
| Personal name | William Mendell |
| 942 ## - ADDED ENTRY ELEMENTS (KOHA) | |
| Source of classification or shelving scheme | Library of Congress Classification |
| Koha item type | Long Loan Books |
| Withdrawn status | Lost status | Source of classification or shelving scheme | Damaged status | Not for loan | Collection code | Home library | Current library | Shelving location | Date acquired | Total Checkouts | Full call number | Barcode | Date last seen | Price effective from | Koha item type |
|---|---|---|---|---|---|---|---|---|---|---|---|---|---|---|---|
| Library of Congress Classification | Non-fiction | Rongo University Library | Rongo University Library | General Stacks | 13/06/2023 | QA 276 .M429 1991 | 201800940 | 13/06/2023 | 13/06/2023 | Long Loan Books |
